000
00258nam a2200097Ia 4500
001
1250571
005
20251031150858.0
008
251031s9999 xx 000 0 und d
245
0
_c
ENGİN DAL
_a
B-2 EN SEVGİLİDEN EY SEVGİLİYE
260
_b
DESTEK YAYINLARI
999
_c
1250571
_d
1250571